000 004950000a22001690004500
041 0 _aENG
082 0 4 _aG 286 S5559g
100 1 _aShilling, Henry
245 1 0 _aThe gift of the gods : A study of the historical development of the doctrine of eternal security / Henry Shilling
260 _aFreeport, PA., USA : Fountain
300 _a137 Pag
001 8757
942 _cBK
999 _c38877
_d38877
336 _atexto
_btxt
_2rdacontent
337 _2rdamedia
_asin mediación
_bn
338 _2rdacarrier
_avolumen
_bnc